| 000 | 00549nam a2200181Ia 4500 | ||
|---|---|---|---|
| 008 | 131103s9999 xx 000 0 und d | ||
| 040 | _aLoreto College | ||
| 041 | _aEnglish | ||
| 082 |
_a822.33(ID)/HAM/SCH _bLCLIB/16765 |
||
| 100 | _aSchucking, Levin L. | ||
| 245 | 4 |
_aThe meaning of Hamlet _cLevin L. Schucking; Translated by Graham Rawson |
|
| 260 |
_aLondon _bGeorge allen & unwin ltd. _c1966 |
||
| 300 |
_a195p. _c 18cm. |
||
| 650 | _aIncludes index | ||
| 700 | _aRawson, Graham; trl. | ||
| 850 | _aLCLIB/822.33(ID)/HAM/SCH | ||
| 942 | _cBK | ||
| 999 |
_c21947 _d72426 |
||